00946nam a22002417a 450000500170000000800410001702000180005804000270007604100080010304400070011108200170011824501100013526000350024530000630028050000510034350400590039465000340045365000360048770000350052370000400055870000400059870000660063820150723091145.0150722b2011 ck ||||| |||| 00| 0 spa d a9789585706408 aCO-BoIAVH cCO-BoIAVH  aspa ack a323.11bC11p1 aPlan de acción integral para el pueblo NükakbTuiküchañuatcEd. Felipe Cabrera Orozco...[et. al.]3 aBogotá:bCOMPUIMAGEN,c2011. a146 p.bilusraciones, fotografías, color, mapas.c25 cm. aIncluye lista de siglas, acrónimos y anexos. aIncluye referencias bibliográficas (Pág. 107-108).1 aBienestar socialxIndígenas1 aPlanes de AcciónxIndígenas1 aCabrera Orozco, Felipeeeditor1 aBarbero Cardenas, Carolinaeeditora1 aAlméciga Bohorquez, Lenineeditor1 aNükak, KorobeeeditorqNükak, Korobe - González, Javier